Library of the University of Algiers 3
Ibrahim Sultan Cheibout
شعار جامعة الجزائر 3
مكتبة جامعة الجزائر 3
إبراهيم سلطان شيبوط

حماية المستهلك : (رقم التسجيلة. 46340)

تفاصيل مارك
000 -LEADER
fixed length control field 01065nam a2200241Ia 4500
003 - CONTROL NUMBER IDENTIFIER
control field Ost
005 - DATE AND TIME OF LATEST TRANSACTION
control field 20260507075803.0
008 - FIXED-LENGTH DATA ELEMENTS--GENERAL INFORMATION
fixed length control field 260507s9999||||xx |||||||||||||| ||und||
020 ## - INTERNATIONAL STANDARD BOOK NUMBER
International Standard Book Number 9789947052754
040 ## - CATALOGING SOURCE
Transcribing agency fsecg
041 ## - LANGUAGE CODE
Language code of text/sound track or separate title ara
082 ## - DEWEY DECIMAL CLASSIFICATION NUMBER
Classification number 343.07
100 ## - MAIN ENTRY--PERSONAL NAME
Personal name الحوسني، ناصر بن سيف بن سالم
Relator term مؤلف
245 #0 - TITLE STATEMENT
Title حماية المستهلك :
Remainder of title دراسة مقارنة في التشريع الجزائري وسلطنة عمان /
Statement of responsibility, etc. ناصر بن سيف بن سالم الحوسني
260 ## - PUBLICATION, DISTRIBUTION, ETC.
Place of publication, distribution, etc. عمان :
Name of publisher, distributor, etc. سما سرفيس,
Date of publication, distribution, etc. 2018
300 ## - PHYSICAL DESCRIPTION
Extent 124 صفحة؛
Other physical details إيضاحات ؛
Dimensions 23 سم
504 ## - BIBLIOGRAPHY, ETC. NOTE
Bibliography, etc. note بيبليوغرافيا: ص ص.117-120
520 ## - SUMMARY, ETC.
Summary, etc. يضم الإطار النظري لحماية المستهلكمجال وآليات تطبيق قانون العقوبات وقمع الغش في التشريع الجزائري والعماني.
653 ## - INDEX TERM--UNCONTROLLED
Uncontrolled term المستهلكون
653 ## - INDEX TERM--UNCONTROLLED
Uncontrolled term حماية المستهلك
700 ## - ADDED ENTRY--PERSONAL NAME
Personal name العلاوي، عيسى
Relator term مؤلف ثانوي
942 ## - ADDED ENTRY ELEMENTS (KOHA)
Koha item type كتب
المقتنيات
Withdrawn status Lost status Source of classification or shelving scheme Damaged status Not for loan Home library Current library Date acquired Serial enumeration / chronology Inventory number Total checkouts Full call number Barcode Date last seen Price effective from Koha item type
    Library of Congress Classification   NOT LOAN / إعارة داخلية مكتبة كلية العلوم الإقتصادية والعلوم التجارية وعلوم التسيير مكتبة كلية العلوم الإقتصادية والعلوم التجارية وعلوم التسيير 07/05/2026 الطابق الأرضي 025.21/609-1   542/025.21ن01 025.21/609-1 07/05/2026 07/05/2026 كتب
    Dewey Decimal Classification   Available مكتبة كلية العلوم الإقتصادية والعلوم التجارية وعلوم التسيير مكتبة كلية العلوم الإقتصادية والعلوم التجارية وعلوم التسيير 07/05/2026 الطابق الأرضي 025.21/609-2   542/025.21ن02 025.21/609-2 07/05/2026 07/05/2026 كتب

موارد الويب المفتوحة


© University of Algiers 3 All Rights Reserved
|
Implemented by LECHELAH Riad